El lugar de España en las relaciones internacionales : (Record no. 197596)

MARC details
000 -LEADER
campo de control de longitud fija 02426nam a2200481 i 4500
001 - NÚMERO DE CONTROL
campo de control 197596
003 - IDENTIFICADOR DE NÚMERO DE CONTROL
campo de control ES-MaACL
005 - FECHA Y HORA DE LA ÚLTIMA TRANSACCIÓN
campo de control 20250824063101.0
008 - DATOS DE LONGITUD FIJA--INFORMACIÓN GENERAL
campo de control de longitud fija 250617s2019 sp a | ||||o010 0dspa
015 ## - NÚMERO DE BIBLIOGRAFÍA NACIONAL
Número de bibliografía nacional MON22
017 ## - NÚMERO DE COPYRIGHT O DE DEPÓSITO LEGAL
Número de copyright o de depósito legal M 30805-2019
Agencia que asigna Oficina Depósito Legal Madrid
020 ## - NÚMERO INTERNACIONAL ESTÁNDAR DEL LIBRO
Número Internacional Estándar del Libro 9788495265777
024 7# - IDENTIFICADOR DE OTROS ESTÁNDARES
Número estándar o código 108-19-042-9
Información calificativa papel
Fuente del número o código nipo
024 7# - IDENTIFICADOR DE OTROS ESTÁNDARES
Número estándar o código cancelado o inválido NIPO 108-19-043-4
Información calificativa en línea
Fuente del número o código nipo
035 ## - NÚMERO DE CONTROL DEL SISTEMA
Número de control de sistema (OCoLC)1126291571
035 ## - NÚMERO DE CONTROL DEL SISTEMA
Número de control de sistema (SpMaBN)a7026828
040 ## - FUENTE DE CATALOGACIÓN
Centro catalogador/agencia de origen SpMaBN
Lengua de catalogación spa
Centro/agencia transcriptor SpMaBN
Normas de descripción rda
080 ## - NÚMERO DE LA CLASIFICACIÓN DECIMAL UNIVERSAL
Número de la Clasificación Decimal Universal 929 Morán, Fernando
080 ## - NÚMERO DE LA CLASIFICACIÓN DECIMAL UNIVERSAL
Número de la Clasificación Decimal Universal 327(460)
245 03 - MENCIÓN DEL TÍTULO
Título El lugar de España en las relaciones internacionales :
Resto del título XXXIII aniversario de la incorporación de España a la Comunidad Europea : libro homenaje a Fernando Morán /
Mención de responsabilidad, etc. directores, Álvaro Cuesta Martínez, Antonio López Pina, Juan Antonio Yáñez-Barnuevo ; coordinadora, Mª del Pilar Sánchez Millas.
264 #1 - PRODUCCIÓN, PUBLICACIÓN, DISTRIBUCIÓN, FABRICACIÓN Y COPYRIGHT
Producción, publicación, distribución, fabricación y copyright [Madrid] :
Nombre del de productor, editor, distribuidor, fabricante Ministerio de Asuntos Exteriores, Unión Europea y Cooperación ;
Producción, publicación, distribución, fabricación y copyright [Oviedo] ;
Nombre del de productor, editor, distribuidor, fabricante Principado de Asturias,
Fecha de producción, publicación, distribución, fabricación o copyright 2019.
300 ## - DESCRIPCIÓN FÍSICA
Extensión 529 páginas :
Otras características físicas fotografías (color) ;
Dimensiones 25 cm.
336 ## - TIPO DE CONTENIDO
Término de tipo de contenido Texto
Fuente rdacontent
337 ## - TIPO DE MEDIO
Nombre/término del tipo de medio sin mediación
Fuente rdamedia
338 ## - TIPO DE SOPORTE
Nombre/término del tipo de soporte volumen
Fuente rdacarrier
490 1# - MENCIÓN DE SERIE
Mención de serie Biblioteca diplomática española. Sección Varios ;
Designación de volumen o secuencia 10
504 ## - NOTA DE BIBLIOGRAFÍA, ETC.
Nota de bibliografía, etc. Incluye referencias bibliográficas
600 10 - PUNTO DE ACCESO ADICIONAL DE MATERIA--NOMBRE DE PERSONA
Nombre de persona Morán, Fernando,
Fechas asociadas al nombre 1926-2020-
Subdivisión de forma Homenajes
9 (RLIN) 240945
651 #7 - PUNTO DE ACCESO ADICIONAL DE MATERIA--NOMBRE GEOGRÁFICO
Nombre geográfico España-
Subdivisión general Política exterior
9 (RLIN) 165501
655 #7 - TERMINO DE INDIZACIÓN--GENERO/FORMA
Datos o término principal de género/forma Homenajes
Fuente del término tgfbne
9 (RLIN) 226850
700 1# - ENTRADA AGREGADA--NOMBRE PERSONAL
Nombre de persona Cuesta Martínez, Álvaro
9 (RLIN) 240946
Término indicativo de función/relación Editor literario
700 1# - ENTRADA AGREGADA--NOMBRE PERSONAL
Nombre de persona López Pina, Antonio,
Fechas asociadas al nombre 1937-
9 (RLIN) 240947
Término indicativo de función/relación Editor literario
700 1# - ENTRADA AGREGADA--NOMBRE PERSONAL
Nombre de persona Yáñez-Barnuevo, Juan Antonio
9 (RLIN) 240948
Término indicativo de función/relación Editor literario
700 1# - ENTRADA AGREGADA--NOMBRE PERSONAL
Nombre de persona Sánchez Millas, Pilar
9 (RLIN) 240949
Término indicativo de función/relación Coordinador
700 1# - ENTRADA AGREGADA--NOMBRE PERSONAL
Nombre de persona Morán, Fernando,
Fechas asociadas al nombre 1926-2020
9 (RLIN) 240950
Término indicativo de función/relación Honrado
852 ## - LOCALIZACIÓN
Ubicación ES-MaACL
Ubicación en estantería Depósito J
Número de control de estantería N-10519
Anotaciones manuscritas Dedicatoria autógrafa de la coordinadora
Donativo/Legado Donación: María del Pilar Sánchez Millas
Encuadernación Encuadernación cartoné con sobrecubiertas
itemnumber 206642
856 ## - LOCALIZACIÓN Y ACCESO ELECTRÓNICOS
Identificador Uniforme de Recursos <a href="https://www.exteriores.gob.es/es/ServiciosAlCiudadano/PublicacionesOficiales/El%20lugar%20de%20Espa%C3%B1a%20en%20las%20relaciones%20internacionales.pdf">https://www.exteriores.gob.es/es/ServiciosAlCiudadano/PublicacionesOficiales/El%20lugar%20de%20Espa%C3%B1a%20en%20las%20relaciones%20internacionales.pdf</a>
Texto de enlace Versión digital en línea
903 ## - NOMBRE PERSONAL DE DONANTE
9 240949
a Sánchez Millas, Pilar
e Donante
942 ## - ELEMENTOS DE ENTRADA SECUNDARIOS (KOHA)
Tipo de ítem Koha Libro impreso
Suprimir en OPAC No
Holdings
Estatus retirado Estado de pérdida Fuente del sistema de clasificación o colocación Estado de daño No para préstamo Colección Biblioteca de origen Biblioteca actual Ubicación en estantería Fecha de adquisición Fuente de adquisición Total de préstamos Signatura topográfica completa Código de barras Visto por última vez Precio de reemplazo Tipo de ítem Koha
    Clasificación decimal universal     Libros con dedicatorias Biblioteca del Ateneo de Madrid Biblioteca del Ateneo de Madrid Depósito J 22/08/2025 Donación   N-10519 2025-1018 22/08/2025 22/08/2025 Libro impreso